|
|
|
|
| LEADER |
04788nam a2200697 4500 |
| 001 |
ocn841050417 |
| 003 |
OCoLC |
| 005 |
20170124072248.8 |
| 006 |
m o d |
| 007 |
cr cnu|||unuuu |
| 008 |
130426s2013 gw ob 001 0 eng d |
| 040 |
|
|
|a YDXCP
|b eng
|e pn
|c YDXCP
|d OCLCO
|d CUS
|d IDEBK
|d DG1
|d N$T
|d E7B
|d OCLCA
|d COO
|d OCLCO
|d NOC
|d OCLCF
|d OCLCO
|d OCLCQ
|d NKT
|d LOA
|d GrThAP
|
| 019 |
|
|
|a 956745099
|a 961607386
|a 962583054
|a 966221483
|
| 020 |
|
|
|a 9783527645428
|q (electronic bk.)
|
| 020 |
|
|
|a 352764542X
|q (electronic bk.)
|
| 020 |
|
|
|a 3527645403
|q (electronic bk.)
|
| 020 |
|
|
|a 9783527645404
|q (electronic bk.)
|
| 020 |
|
|
|a 9783527645411
|q (epub)
|
| 020 |
|
|
|a 3527645411
|q (epub)
|
| 020 |
|
|
|a 9783527645435
|q (mobi)
|
| 020 |
|
|
|a 3527645438
|q (mobi)
|
| 020 |
|
|
|a 9781299533677
|q (MyiLibrary)
|
| 020 |
|
|
|a 1299533671
|q (MyiLibrary)
|
| 020 |
|
|
|z 9783527331871
|q (hbk.)
|
| 020 |
|
|
|z 3527331875
|q (hbk.)
|
| 029 |
1 |
|
|a AU@
|b 000051629306
|
| 029 |
1 |
|
|a CHBIS
|b 010441913
|
| 029 |
1 |
|
|a CHVBK
|b 334091195
|
| 029 |
1 |
|
|a DEBBG
|b BV041044002
|
| 029 |
1 |
|
|a DKDLA
|b 820120-katalog:000652383
|
| 029 |
1 |
|
|a NLGGC
|b 357794109
|
| 029 |
1 |
|
|a NZ1
|b 14845261
|
| 029 |
1 |
|
|a NZ1
|b 15340641
|
| 035 |
|
|
|a (OCoLC)841050417
|z (OCoLC)956745099
|z (OCoLC)961607386
|z (OCoLC)962583054
|z (OCoLC)966221483
|
| 050 |
|
4 |
|a TD468
|b .P46 2013
|
| 072 |
|
7 |
|a TEC
|x 010030
|2 bisacsh
|
| 082 |
0 |
4 |
|a 628.1/66
|2 23
|
| 049 |
|
|
|a MAIN
|
| 245 |
0 |
0 |
|a Photocatalysis and Water Purification :
|b From Fundamentals to Recent Applications /
|c edited by Pierre Pichat.
|
| 264 |
|
1 |
|a Weinheim :
|b Wiley-VCH,
|c [2013]
|
| 264 |
|
4 |
|c ©2013
|
| 300 |
|
|
|a 1 online resource (xxxi, 406 pages).
|
| 336 |
|
|
|a text
|b txt
|2 rdacontent
|
| 337 |
|
|
|a computer
|b c
|2 rdamedia
|
| 338 |
|
|
|a online resource
|b cr
|2 rdacarrier
|
| 490 |
1 |
|
|a Materials for sustainable energy and development
|
| 505 |
0 |
|
|a Fundamentals: active species, mechanisms, reaction pathways. Identification and roles of the active species generated on various photocatalysts / Yoshio Nosaka, Atsuko Y Nosaka ; Photocatalytic reaction pathways -- effects of molecular structure, catalyst, and wavelength / William S Jenks ; Photocatalytic mechanisms and reaction pathways drawn from kinetic and probe molecules / Claudio Minero, Valter Maurino, Davide Vione -- Improving the photocatalytic efficacy. Design and development of active titania and related photocatalysts / Bunsho Ohtani ; Modified photocatalysts / Nurit Shaham-Waldmann, Yaron Paz ; Immobilization of a semiconductor photocatalyst on solid supports: methods, materials, and applications / Didier Robert, Valérie Keller, Nicolas Keller ; Wastewater treatment using highly functional immobilized TiO thin-film photocatalysts / Masaya Matsuoka, Takashi Toyao, Yu Horiuchi, Masato Takeuchi, Masakazu Anpo ; Sensitization of titania semiconductor: a promising strategy to utilize visible light / Zhaohui Wang, Chuncheng Chen, Wanhong Ma, Jincai Zhao ; Photoelectrocatalysis for water purification / Rossano Amadelli, Luca Samiolo -- Effects of photocatalysis on natural organic matter and bacteria. Photocatalysis of natural organic matter in water: characterization and treatment integration / Sanly Liu, May Lim, Rose Amal ; Waterborne inactivation by TiO photoassisted processes: a brief overview / Julián Andrés Rengifo-Herrera, Angela Giovana Rincón, Cesar Pulgarin -- Modeling. Reactors. Pilot plants. Photocatalytic treatment of water: irradiance influences / David Ollis ; A methodology for modeling slurry photocatalytic reactors for degradation of an organic pollutant in water / Orlando M Alfano, Alberto E Cassano, Rodolfo J Brandi, María L Satuf ; Design and optimization of photocatalytic water purification reactors / Tsuyoshi Ochiai, Akira Fujishima -- Solar photocatalytic pilot plants: commercially available reactors / Sixto Malato, Pilar Fernández-Ibáñez, Maneil Ignacio Maldonado, Isabel Oller, Maria Inmaculada Polo-López -- Index.
|
| 588 |
0 |
|
|a Print version record.
|
| 504 |
|
|
|a Includes bibliographical references and index.
|
| 650 |
|
0 |
|a Water
|x Purification
|x Photocatalysis.
|
| 650 |
|
0 |
|a Photocatalysis.
|
| 650 |
|
7 |
|a TECHNOLOGY & ENGINEERING
|x Environmental
|x Water Supply.
|2 bisacsh
|
| 650 |
|
7 |
|a Photocatalysis.
|2 fast
|0 (OCoLC)fst01061500
|
| 650 |
|
7 |
|a Water
|x Purification
|x Photocatalysis.
|2 fast
|0 (OCoLC)fst01171455
|
| 655 |
|
4 |
|a Electronic books.
|
| 655 |
|
7 |
|a Electronic books.
|2 local
|
| 700 |
1 |
|
|a Pichat, Pierre,
|e editor.
|
| 776 |
0 |
8 |
|i Print version:
|t Photocatalysis and water purification.
|d Weinheim : Wiley-VCH, ©2013
|z 9783527331871
|w (DLC) 2012554758
|w (OCoLC)842359315
|
| 830 |
|
0 |
|a Materials for sustainable energy and development.
|
| 856 |
4 |
0 |
|u https://doi.org/10.1002/9783527645404
|z Full Text via HEAL-Link
|
| 994 |
|
|
|a 92
|b DG1
|